NASL All Teams (1968-84) - Statistics

General Stats
  • This quiz has been taken 123 times
  • The average score is 32 of 67
Answer Stats
Franchise (Years) City Nickname % Correct
Franchise #21 (1971-76, 79-84) New York Cosmos
91%
(1977-78) --- Cosmos
91%
Franchise #29 (1974-83) Seattle Sounders
91%
Franchsie #36 (1975-84) Tampa Bay Rowdies
85%
Franchise #30 (1974-84) Vancouver Whitecaps
85%
Franchise #28 (1974-82) San Jose Earthquakes
83%
(1983-84) Golden Bay Earthquakes
83%
Franchise #34 (1975-82) Portland Timbers
83%
(1977-83) Ft. Lauderdale Strikers
79%
(1984) Minnesota Strikers
79%
Franchise #27 (1974-81) Los Angeles Aztecs
74%
Franchise #32 (1975-84) Chicago Sting
72%
Franchise #31 (1974-80) Washington Diplomats
70%
(1981) Washington Diplomats
70%
Franchise #41 (1978-80) New England Tea Men
70%
(1981-82) Jacksonville Tea Men
70%
(1979-84) Toronto Blizzard
66%
(1978-84) Tulsa Roughnecks
64%
(1978-84) San Diego Sockers
64%
Franchise #6 (1968-81) Dallas Tornado
64%
(1979-82) Edmonton Drillers
62%
Franchise #1 (1968-72) Atlanta Chiefs
60%
(1979-81) Atlanta Chiefs
57%
(1978-81) California Surf
57%
Franchise #37 (1978) ________ of Colorado Caribous
51%
(1976-81) Minnesota Kicks
51%
Franchise #43 (1983) Team America
49%
Franchise #2 (1968-69) Baltimore Bays
49%
Franchise #42 (1978-80) Philadelphia Fury
47%
Franchise #39 (1978-80) Houston Hurricane
47%
Franchise #18 (1970-80) Rochester Lancers
47%
Franchise #22 (1971-74) Toronto Metros
47%
(1978) Oakland Stompers
47%
(1975-78) Toronto Metros-Croatia
45%
Franchise #40 (1978-80) Memphis Rogues
45%
Franchise #33 (1975-76) Hartford Bicentennials
43%
(1977) Connecticut Bicentennials
43%
Franchise #38 (1978-80) Detroit Express
43%
(1981-83) Montreal Manic
43%
(1977) Las Vegas Quicksilvers
43%
Franchise #25 (1974-76) Boston Minutemen
40%
Franchise #8 (1968) Houston Stars
40%
Franchise #14 (1968-77) St. Louis Stars
40%
(1981) Calgary Boomers
38%
Franchise #23 (1973-76) Philadelphia Atoms
36%
Franchise #10 (1968) Los Angeles Wolves
36%
Franchise #5 (1968) Cleveland Stokers
34%
(1977) Team Hawaii
32%
(1973) Atlanta Apollos
30%
Franchise #26 (1974-75) Denver Dynamos
28%
Franchise #9 (1968-70) Kansas City Spurs
28%
Franchise #3 (1968) Boston Beacons
26%
(1972) Miami Gatos
26%
(1976) San Diego Jaws
26%
Franchise #13 (1968) San Diego Toros
26%
(1973-76) Miami Toros
26%
Franchise #17 (1968) Washington Whips
26%
Franchise #12 (1968) Oakland Clippers
23%
Franchise #19 (1970-71) Washington Darts
23%
Franchise #20 (1971-73) Montreal Olympique
23%
Franchise #16 (1968) Vancouver Royals
23%
Franchise #11 (1968) New York Generals
15%
Franchise #35 (1975-76) San Antonio Thunder
15%
Franchise #24 (1974-75) Baltimore Comets
13%
Franchise #7 (1968) Detroit Cougars
11%
Franchise #4 (1968) Chicago Mustangs
9%
Franchise #15 (1968) Toronto Falcons
4%
No matching quizzes found
Score Distribution
Percent of People with Each Score
Percentile by Number Answered
Your Score History
You have not taken this quiz